Statistics for Modern Great Powers

Click here to take the quiz!

General Stats

  • This quiz has been taken 89 times
  • The average score is 7 of 7

Answer Stats

Country% Correct
France
99%
United Kingdom
99%
Russia
98%
United States
98%
China
97%
Germany
95%
Japan
94%

Score Distribution

Percentile by Number Answered

Percent of People with Each Score

Your Score History

You have not taken this quiz